FAMILY LAW II / (Record no. 178191)
[ view plain ]
| 000 -LEADER | |
|---|---|
| fixed length control field | 00647nam a22001817a 4500 |
| 005 - DATE AND TIME OF LATEST TRANSACTION | |
| control field | 20210322123929.0 |
| 010 ## - LCCN (DPL NO) | |
| LC control number | ENG- 129256 |
| 020 ## - INTERNATIONAL STANDARD BOOK NUMBER | |
| Terms of availability | 795.00 |
| International Standard Book Number | 9789386515896 |
| 035 ## - SYSTEM CONTROL NUMBER | |
| System control number | EN- 112788 |
| 037 ## - SOURCE OF ACQUISITION | |
| Source of stock number/acquisition | DBAD/PUB |
| 082 ## - DEWEY DECIMAL CLASSIFICATION NUMBER | |
| Classification number | 346.54015 |
| 100 ## - MAIN ENTRY--PERSONAL NAME | |
| Personal name | SAXENA, POONAM PRADHAN |
| 245 ## - TITLE STATEMENT | |
| Title | FAMILY LAW II / |
| Statement of responsibility, etc | DR POONAM PRADHAN SAXENA |
| Remainder of title | FAMILY LAW LECTURES |
| 260 ## - PUBLICATION, DISTRIBUTION, ETC. (IMPRINT) | |
| Place of publication, distribution, etc | GURGAON |
| Name of publisher, distributor, etc | LexisNexis |
| Date of publication, distribution, etc | 2019 |
| 270 ## - ADDRESS | |
| City | haryana |
| Address | 14th floor, Building no 10 , Tower - B , DLF CYBER CITY, PHASE-II GURGAON |
| Postal code | 122002 |
| Telephone number | +91-124474444 |
| Fax number | +91-1244774100 |
| Electronic mail address | help.in@lexisnexis.com |
| 300 ## - PHYSICAL DESCRIPTION | |
| Extent | P. 627 |
| Dimensions | 24CM(PBK) |
| 942 ## - ADDED ENTRY ELEMENTS (KOHA) | |
| Source of classification or shelving scheme | Dewey Decimal Classification |
| Item type | English Books |
| Call number suffix | SAX |
| Classification part | 346.54015 |
| Withdrawn status | Lost status | Not for loan | Collection code | Home library | Current library | Date acquired | Source of acquisition | Cost, normal purchase price | Full call number | Barcode | Copy number | Cost, replacement price | Koha item type |
|---|---|---|---|---|---|---|---|---|---|---|---|---|---|
| Non-fiction | Bawana | Bawana | 22/03/2021 | DBAD/PUB | 795.00 | 346.54015 SAX | EN-112788 | 1 | 795.00 | English Books |
